| 000 | 00000nam 2200000za 4500 |
| 001 | 9.631821 |
| 003 | CaOODSP |
| 005 | 20210624214518 |
| 007 | cr ||||||||||| |
| 008 | 150407s2004 onc|||||o f|0| 0 fre d |
| 040 | |aCaOODSP|bfre |
| 043 | |an-cn--- |
| 086 | 1 |aM144-52/2004F-PDF |
| 110 | 1 |aCanada.|bRessources naturelles Canada. |bOffice de l'efficacité énergétique. |
| 245 | 10|aAmélioration du rendement énergétique des fenêtres |h[ressource électronique]. |
| 260 | |aOttawa : |bRessources naturelles Canada, |c2004. |
| 300 | |a12 p. : |bill. |
| 500 | |aLe n° de catalogue (M144-52/2004F) et l’ISBN (0-662-77562-7) de l'édition imprimée ont été incorrectement copiés dans l'édition électronique. |
| 520 | 3 |aPlus de 25 p. 100 des pertes totales de chaleur d’une maison proviennent des fenêtres. Vous trouverez dans cette brochure des solutions efficaces et à prix abordable pour améliorer l’efficacité énergétique des fenêtres de votre demeure. |
| 590 | |a05-09|b2005-03-04 |
| 691 | 07|aRendement énergétique|2gcpds |
| 775 | 08|tImproving window energy efficiency |w(CaOODSP)9.687369 |
| 776 | 0#|tAmélioration du rendement énergétique des fenêtres |w(CaOODSP)9.682576 |
| 794 | |tAmélioration du rendement énergétique des fenêtres |w(CaOODSP)9.633888 |
| 856 | 40|ahttp://publications.gc.ca|qPDF|s1196 Ko|uhttps://publications.gc.ca/collections/Collection/M144-52-2004F.pdf |